| 000 | 00821cab a2200265 4500 | ||
|---|---|---|---|
| 001 | ABS58667 | ||
| 008 | 090401t1998 xxu||||| |||| 00| 0 eng d | ||
| 035 | _a(Sirsi) u86292 | ||
| 041 | _aeng | ||
| 100 | _aHawkins, M. | ||
| 245 | _aMake the most of IT to improve cost planning | ||
| 260 | _c1998 | ||
| 350 | _a0 | ||
| 490 |
_aCSM _bChartered Surveyor Monthly _v7(8) May 1998, 44-45(2) |
||
| 520 | _aReports on a research project that investigates the suitability of developing computer-aided cost planning and tender document systems. | ||
| 650 | _aAUTOCAD | ||
| 650 | _aCOMPUTER-AIDED ESTIMATING | ||
| 650 | _aCOST MODELLING | ||
| 650 | _aCOST PLANNING | ||
| 650 | _aPROJECT MODELLING | ||
| 650 | _aTENDER DOCUMENTS | ||
| 690 | _aBUILT ENVIRONMENT-BUILDING COSTS | ||
| 942 | _n0 | ||
| 948 | _c19/05/1998 | ||
| 999 |
_c54293 _d54293 |
||